Top 20 NBA 2K Ratings for the Past 2 Years - Statistics

General Stats
  • This quiz has been taken 175 times
  • The average score is 16 of 20
Answer Stats
# 2022 2023 Combined Answer % Correct
4 96 96 192 LeBron James
99%
2 96 97 193 Stephen Curry
99%
1 97 97 194 Giannis Antetokounmpo
97%
3 96 96 192 Kevin Durant
97%
5 96 96 192 Nikola Jokic
97%
7 95 96 191 Luka Doncic
92%
6 96 96 192 Joel Embiid
88%
19 89 89 178 James Harden
83%
8 93 95 188 Jayson Tatum
79%
12 90 93 183 Anthony Davis
78%
20 89 89 178 Kyrie Irving
74%
14 89 90 179 Damian Lillard
73%
11 94 91 185 Kawhi Leonard
73%
13 91 92 183 Devin Booker
69%
9 93 94 187 Ja Morant
67%
16 90 89 179 Trae Young
67%
15 90 89 179 Chris Paul
66%
10 93 93 186 Jimmy Butler
66%
18 88 90 178 Donovan Mitchell
60%
17 87 91 178 Shai Gilgeous-Alexander
55%
No matching quizzes found
Score Distribution
Percent of People with Each Score
Percentile by Number Answered
Your Score History
You have not taken this quiz